000 01074 am a2200337 a 4500
005 20240517115405.0
008 100504s1996||||ag d f |||| 000 0 spa d
020 _aS/N
041 _aspa
092 _c612.1
_l51
_sMAN
245 _aManual de Fisiología de la Sangre /
_cLuís O. Carreras
250 _a2a ed. Corregida y actualizada.
260 _aBuenos Aires:
_bS/N;
_c1996.
300 _a308 p.
_bil.
500 _aCarreras, L. O. et al. (1996). Manual de Fisiología de la Sangre. (2a ed.). Buenos Aires : S/N.
590 _aDonación Cecilia Fontana, 2007
653 _aEstructura y función de la sangre
653 _aMédula osea
653 _aHematopoyesis
653 _aGlóbulos rojos
653 _aFisiología de los leucocitos
653 _aPapel de la sangre en los mecanismos de defensa
653 _aHemostásia y coagulación
700 1 _aCarreras, Luis O.
_9241
700 1 _aMide, Susana.
_9242
700 1 _aMoguilevsky, Jaime A.
_9243
700 1 _aFassi, Daniel O.
_9244
930 _a1819
930 _a245
942 _2ddc
_cBK
999 _c289
_d289